000 00326nam a2200133Ia 4500
005 20260328104336.0
008 260328s9999||||xx |||||||||||||| ||und||
100 _aBlomstdt, Severi
245 0 _aMétamorphoses finlandaises /
_cSeveri Blomstdt
260 _bHelsinki
300 _a136 p.
650 _aFINLANDIA
942 _cBK
999 _c11927
_d11927